| 000 | 01433nam a22002657a 4500 | ||
|---|---|---|---|
| 005 | 20090316110612.0 | ||
| 008 | 090316t xxu||||| |||| 00| 0 hin d | ||
| 010 | _aHIN-90956 | ||
| 020 |
_c450.00 _a9788188567553 |
||
| 035 | _aHN-63302 | ||
| 037 | _bDBAD / PUB | ||
| 040 |
_aDPL _bHN |
||
| 082 | _a302.2 | ||
| 100 |
_924114 _aमुहम्मद शाहिद हुसैन |
||
| 245 |
_aजनसंचारःपरंपरा और प्रयोग / _cमुहम्मद शाहिद हुसैन ; ओमप्रकाश सिंह एवं ज़फ़रूल्लाह अंसारी द्वारा अनुदित |
||
| 246 |
_aJansanchar Parampara aur prayog _bby Mohammad Shahid Husain |
||
| 260 |
_aदिल्ली _bग्रंथलोक _c2010 |
||
| 270 |
_a1/7342, नेहरू मार्ग, ईस्ट गोरख पार्क, शाहदरा _bदिल्ली _e110032 _k32046038 |
||
| 300 |
_a279 पृ _c22सेमी (सजिल्द) |
||
| 650 | _91169 | ||
| 700 |
_924212 _aओमप्रकाश सिंह |
||
| 700 |
_aअंसारी, ज़फ़रूल्लाह _924219 |
||
| 942 |
_2ddc _cHN _mमुहम्म _h302.2 |
||
| 999 |
_c48572 _d48572 |
||